00000000nas 2200000zi 4500
0019.930534
003CaOODSP
00520250815145120
006m     o  d f      
007cr |||||||||||
008231120c20239999abcar p o    f0###b0fre|d
022 |z2561-1003
040 |aCaOODSP|bfre|erda|cCaOODSP
043 |an-cn---
0861 |aIu98-1/8F-PDF
1101 |aCanada. |bDéveloppement économique Canada pour les Prairies, |eauteur, |eorganisme de publication.
24510|aRapport sur les résultats ministériels ... / |cDéveloppement économique Canada pour les Prairies.
264 1|a[Edmonton] : |bDéveloppement économique Canada pour les Prairies = Prairies Economic Development Canada, |c[2023]-
310 |aAnnuel
336 |atexte|btxt|2rdacontent/fre
337 |ainformatique|bc|2rdamedia/fre
338 |aressource en ligne|bcr|2rdacarrier/fre
3621 |aParaît depuis 2022-2023.
500 |aPublié aussi en anglais sous le titre : ... departmental results report.
588 |aDescription d'après : 2022-2023.
588 |aDernière livraison consultée : 2022-2023.
61016|aCanada. |bDéveloppement économique Canada pour les Prairies|vPériodiques.
650 6|aDépenses publiques|vPériodiques.
655 7|aPériodiques|2rvmgf
77508|t... departmental results report / |w(CaOODSP)9.930525
78000|tRapport sur les résultats ministériels / |w(CaOODSP)9.837561